Online katalóg knižníc regiónu Turca

Padlí anjeli (Record no. 22012)

MARC details
000 -LEADER
fixed length control field 01967cam a2200541 a 4500
001 - CONTROL NUMBER
control field 22012
003 - CONTROL NUMBER IDENTIFIER
control field VRT
005 - DATE AND TIME OF LATEST TRANSACTION
control field 20260317150509.0
008 - FIXED-LENGTH DATA ELEMENTS--GENERAL INFORMATION
fixed length control field 240315s2012 xo g 000 f slo
015 ## - NATIONAL BIBLIOGRAPHY NUMBER
National bibliography number SNBA2012/05-02952
020 ## - INTERNATIONAL STANDARD BOOK NUMBER
International Standard Book Number 9788055128504
Qualifying information (viaz.)
035 ## - SYSTEM CONTROL NUMBER
System control number 1D1BE216-DC9B-4624-9527-9609A776BF31
035 ## - SYSTEM CONTROL NUMBER
System control number urn:nbn:sk:snk-amjkfq
035 ## - SYSTEM CONTROL NUMBER
System control number urn:nbn:sk:snk-am001rqi
039 #9 - LEVEL OF BIBLIOGRAPHIC CONTROL AND CODING DETAIL [OBSOLETE]
Level of rules in bibliographic description 202403151916
Level of effort used to assign nonsubject heading access points VLOAD
Level of effort used to assign subject headings 202107132125
Level of effort used to assign classification AUTHORITY
Level of effort used to assign subject headings 201603230949
Level of effort used to assign classification mbpksh02
Level of effort used to assign subject headings 201508271428
Level of effort used to assign classification VLOAD
040 ## - CATALOGING SOURCE
Original cataloging agency POKPOH
Language of cataloging slo
Transcribing agency POKPOH
Modifying agency SNK
Description conventions AACR2
041 1# - LANGUAGE CODE
Language code of text/sound track or separate title slo
Language code of original eng
044 ## - COUNTRY OF PUBLISHING/PRODUCING ENTITY CODE
MARC country code xo
ISO country code SK
072 #7 - SUBJECT CATEGORY CODE
Subject category code 821.111(73)-3
Subject category code subdivision Americká próza
Source konspekt
080 ## - UNIVERSAL DECIMAL CLASSIFICATION NUMBER
Universal Decimal Classification number 821.111(73)-31
Edition identifier 2001
080 ## - UNIVERSAL DECIMAL CLASSIFICATION NUMBER
Universal Decimal Classification number (0:82-312.4)
Edition identifier 2001
080 ## - UNIVERSAL DECIMAL CLASSIFICATION NUMBER
Universal Decimal Classification number (0:82-312.5)
Edition identifier 2001
100 1# - MAIN ENTRY--PERSONAL NAME
Personal name Kate, Lauren,
Dates associated with a name 1981-
Relationship aut
240 10 - UNIFORM TITLE
Uniform title Passion
Language of a work Slovensky
245 10 - TITLE STATEMENT
Title Padlí anjeli
Number of part/section of a work Tretia časť
Name of part/section of a work Vášeň
Statement of responsibility, etc. Lauren Kateová ; [z anglického originálu preložila Saskia Hudecová]
246 30 - VARYING FORM OF TITLE
Title proper/short title Vášeň
250 ## - EDITION STATEMENT
Edition statement [1. vyd.]
260 ## - PUBLICATION, DISTRIBUTION, ETC.
Place of publication, distribution, etc. Bratislava
Name of publisher, distributor, etc. Ikar
Date of publication, distribution, etc. 2012
300 ## - PHYSICAL DESCRIPTION
Extent 277 s.
Dimensions 24 cm
500 ## - GENERAL NOTE
General note Na obálke uvedené: Tretia časť nebezpečne vzrušujúcej a tajomne romantickej tetralógie Padlí anjeli
500 ## - GENERAL NOTE
General note Náz. z obalu
655 #7 - INDEX TERM--GENRE/FORM
Genre/form data or focus term americké romány
Source of term SNKPH
655 #7 - INDEX TERM--GENRE/FORM
Genre/form data or focus term trilery (romány)
Source of term SNKPH
655 #7 - INDEX TERM--GENRE/FORM
Genre/form data or focus term ľúbostné romány
Source of term SNKPH
655 #7 - INDEX TERM--GENRE/FORM
Genre/form data or focus term American fiction
Source of term SNKPHeng
655 #7 - INDEX TERM--GENRE/FORM
Genre/form data or focus term Thrillers (novels)
Source of term SNKPHeng
655 #7 - INDEX TERM--GENRE/FORM
Genre/form data or focus term Love novels
Source of term SNKPHeng
700 1# - ADDED ENTRY--PERSONAL NAME
Personal name Hudecová, Saskia
Relationship trl
910 ## - USER-OPTION DATA (OCLC)
User-option data bpksh
942 ## - ADDED ENTRY ELEMENTS (KOHA)
Source of classification or shelving scheme Dewey Decimal Classification
Koha item type Krásna literatúra pre dospelých
Suppress in OPAC No
949 ## - LOCAL PROCESSING INFORMATION (OCLC)
6 17A0954551
a snkSC 143726/3 D1
b snk2012/11348
o 1125/12
949 ## - LOCAL PROCESSING INFORMATION (OCLC)
6 270001000398388
a svkbbB 45091-3
b svkbbm 726731
949 ## - LOCAL PROCESSING INFORMATION (OCLC)
6 17A0886724
a snkSC 143726/3
b snk2012/8526
o 1125/12
949 ## - LOCAL PROCESSING INFORMATION (OCLC)
6 2889181737
a savukPV 16262
b savuk2012/1660
949 ## - LOCAL PROCESSING INFORMATION (OCLC)
6 273K0547974
a svkpoB 87694
b svkpo552840
949 ## - LOCAL PROCESSING INFORMATION (OCLC)
6 3869A12232
a bpksh821.111(73)-31
b bpksh67340
980 ## - EQUIVALENCE OR CROSS-REFERENCE-SERIES STATEMENT--PERSONAL NAME/TITLE [LOCAL, CANADA]
Personal name 821.111(73)-31
Holdings
Stav vyradenia Strata Poškodenie Spôsob nadobudnutia Domovská knižnica Aktuálna knižnica Dátum nadobudnutia Cena Total checkouts Čiarový kód exemplára Date due Date last seen Date last checked out Typ exemplára
      Kúpa Obecná knižnica Horná Štubňa Obecná knižnica Horná Štubňa 17.03.2026 10.90 1 9788055128504 16.04.2026 17.03.2026 17.03.2026 Krásna literatúra pre dospelých
Projekt je podporený Slovenskou asociáciou knižníc
Prevádzkuje Turčianska knižnica Martin 2026